Normal view
MARC view
- Greenaway, Peter,
Entry Nombre Personal
001 - NUMERO DE CONTROL
- campo de control: 40470
003 - IDENTIFICADOR DE NUMERO DE CONTROL
- campo de control: UPN
005 - FECHA Y HORA DE LA ÜLTIMA TRANSACCIÓN
- campo de control: 20210219194557.0
008 - DATOS DE LONGITUD FIJA
- campo de control de longitud fija: nabaccnnaabn|||||||||| b |nc|||||d
035 ## - NUMERO DE CONTROL
- Número de control: UPN11000012577
040 ## - FUENTE DE CATALOGACIÓN
- Lenguaje de catalogación: SPA
- Agencia de transcripción: UPN
100 1# - ENCABEZAMIENTO - NOMBRE PERSONAL
- Nombre personal: Greenaway, Peter,
- Fechas asociadas con el nombre: 1942-
670 ## - FUENTE EN LA QUE SE LOCALIZARON DATOS
- Cita de la fuente: T
- Uniform Resource Identifier: https://es.wikipedia.org/wiki/Peter_Greenaway
680 ## - NOTA PUBLICA DE ACCESO PÚBLICO
- Frase explicativa de la referencia: Director de cine británico, cuya formación se dio en las artes plásticas, específicamente en la pintura
902 ## - CATALOGADOR
- Catalogador: BEV/16082017
